000 00676nam a22002177a 4500
999 _c65405
_d65405
005 20240530110823.0
008 190711s2018 ua a g 000 0 ara d
017 _bمصر. دار الكتب
020 _a9789933572389
040 _aEG-CaGPL
_cEG-CaGPL
082 0 4 _221
_a320.956 /
_bم ف
110 0 _aالمؤسسة العربية للدراسات والنشر
245 1 0 _aفلسطين
250 _aط.1
260 _aبيروت :
_bالمؤسسة العربية للدراسات والنشر،
_c1993 .
300 _a238 ص. ؛
_c24 سم.
490 0 _aكتاب قضايا عربية
650 0 7 _aفلسطين
_2qrmak
651 _2qrmak
942 _2ddc
_cBK